Magnolia 'Ann', 'Betty', 'Jane', 'Judy', 'Pinkie', 'Randy', 'Ricki' and 'Susan' : U.S. National Arboretum plant introduction : floral and nursery plants research unit.

Bibliographic Details
Corporate Author: National Arboretum (U.S.)
Format: Government Document Book
Language:English
Published: [Washington, DC] (3501 New York Ave., N.E., Washington 20002) : [U.S. National Arboretum, U.S. Dept. of Agriculture, Agricultural Research Service], [1998]
Subjects:

MARC

Tag First Indicator Second Indicator Subfields
LEADER 00000cam a2200000 a 4500
001 in00000001110
005 20151006090010.0
008 980828s1998 dcu f000 0 eng d
035 |a (OCoLC)39761361 
035 |9 AHS7852AM 
040 |a GPO  |c GPO  |d DLC  |d MvI  |d UtOrBLW 
043 |a n-us--- 
049 |a UDOC 
074 |a 0101-A-03 
086 0 |a A 77.38/2:AN 7 
245 0 0 |a Magnolia 'Ann', 'Betty', 'Jane', 'Judy', 'Pinkie', 'Randy', 'Ricki' and 'Susan' :  |b U.S. National Arboretum plant introduction : floral and nursery plants research unit. 
264 1 |a [Washington, DC] (3501 New York Ave., N.E., Washington 20002) :  |b [U.S. National Arboretum, U.S. Dept. of Agriculture, Agricultural Research Service],  |c [1998] 
300 |a 4 pages :  |b color illustrations ;  |c 28 cm. 
336 |a text  |b txt  |2 rdacontent 
337 |a unmediated  |b n  |2 rdamedia 
338 |a volume  |b nc  |2 rdacarrier 
500 |a Shipping list number: 98-0334-P. 
500 |a "May 1998"--P. [4]. 
650 0 |a Magnolias  |z United States. 
650 0 |a Magnoliaceae  |z United States. 
650 0 |a Magnoliales  |z United States. 
710 2 |a National Arboretum (U.S.) 
999 |a MARS 
999 f f |s 0e2e1d7c-0a9b-33c7-9f5d-9a3b8c122d0f  |i 1326a188-4ae1-3003-9a0c-199919c40c90  |t 0 
952 f f |p normal  |a Texas A&M University  |b College Station  |c Sterling C. Evans Library  |d Evans: US Documents (Annex 5th floor)  |t 0  |e A 77.38/2:AN 7  |h Superintendent of Documents classification  |i unmediated -- volume  |m A14820683370 
998 f f |a A 77.38/2:AN 7  |t 0  |l Evans: US Documents (Annex 5th floor)